История одного грача: Повести, рассказы

Podrobná bibliografie
Hlavní autor: Богатырев В. Г. Владимир Григорьевич
Shrnutí:Исключено из фонда НТБ ТПУ
Jazyk:ruština
Vydáno: Москва, Советский писатель, 1988
Médium: MixedMaterials Kniha
KOHA link:https://koha.lib.tpu.ru/cgi-bin/koha/opac-detail.pl?biblionumber=133462

MARC

LEADER 00000nam0a2200000 4500
001 133462
005 20231031135330.0
010 |a 5265001018 
020 |a RU  |b 88-76882 
035 |a (RuTPU)RU\TPU\book\144637 
090 |a 133462 
100 |a 20080317d1988 m y0rusy5003 ca 
101 0 |a rus 
102 |a RU 
105 |a y z 000ay 
200 1 |a История одного грача  |e Повести, рассказы  |f В. Г. Богатырев 
210 |a Москва  |c Советский писатель  |d 1988 
215 |a 350,[2] с.  |c портр. 
333 |a Исключено из фонда НТБ ТПУ 
700 1 |a Богатырев  |b В. Г.  |g Владимир Григорьевич 
801 0 |a RU  |b RuMRKP  |c 19950417  |g psbo 
801 1 |a RU  |b 63413507  |c 20080317  |g PSBO 
801 2 |a RU  |b 63413507  |c 20220429  |g PSBO 
942 |c BK